000 01150nam a22002412ac4500
003 NUST
005 20250821122118.0
008 250821d20212022 a|||| |||| 00| 0 eng d
082 _a519.5
_bCHA
100 3 _aChaudhry, Sher Muhammad,
_eauthor.
_937676
245 1 0 _aIntroduction to statistical theory :
_ba textbook for degree and post graduate students /
_cSher Muhammad Chaudhry and Shahid Kamal.
260 _aLahore :
_bIlmi Kitab Khana,
_c2022
300 _a2 volumes (various paging)
520 _aComprehensive two-volume textbook covering fundamental statistical theory for undergraduate and postgraduate students, including probability, distributions, estimation, hypothesis testing, regression, time series, and more, with illustrative diagrams and examples.
546 _aIn English
590 _aNBL010825
650 0 _aStatistics
_vTextbooks.
_95318
650 0 _aProbability theory
_960409
650 0 _aStatistical inference
_vTextbooks.
_9130380
700 _aKamal, Shahid
_eauthor.
_9130381
942 _2ddc
_cBK
999 _c614547
_d614547